Social Networks in Byzantine Egypt : (Record no. 609904)

MARC details
000 -LEADER
fixed length control field 00527nam a2200193 a 4500
001 - CONTROL NUMBER
control field 1769943201001
003 - CONTROL NUMBER IDENTIFIER
control field YourLibrary
005 - DATE AND TIME OF LATEST TRANSACTION
control field 20260201164118.0
008 - FIXED-LENGTH DATA ELEMENTS--GENERAL INFORMATION
fixed length control field 260201s2008##################000#0#eng##
020 ## - INTERNATIONAL STANDARD BOOK NUMBER
International Standard Book Number 9780521895378
082 04 - DEWEY DECIMAL CLASSIFICATION NUMBER
Classification number 302.40932
Item number RUF
040 ## - CATALOGING SOURCE
Original cataloging agency YourLibrary
Language of cataloging eng
Transcribing agency YourLibrary
100 1# - MAIN ENTRY--PERSONAL NAME
Personal name Ruffini, Giovanni Roberto,
Relator term author.
245 10 - TITLE STATEMENT
Title Social Networks in Byzantine Egypt :
260 ## - PUBLICATION, DISTRIBUTION, ETC.
Name of publisher, distributor, etc. Cambridge University Press,
Date of publication, distribution, etc. 2008.
300 ## - PHYSICAL DESCRIPTION
Extent 288 pages
650 #0 - SUBJECT ADDED ENTRY--TOPICAL TERM
Topical term or geographic name entry element History.
942 ## - ADDED ENTRY ELEMENTS (KOHA)
Koha item type English Books
Holdings
Withdrawn status Lost status Damaged status Not for loan Home library Current library Date acquired Total Checkouts Full call number Barcode Date last seen Price effective from Koha item type
        Anna Centenary Library Anna Centenary Library 01.02.2026   302.40932 RUF 240716 01.02.2026 01.02.2026 English Books

Find us on the map